| 000 | 00517nam a2200145Ia 4500 | ||
|---|---|---|---|
| 008 | 151213s9999 xx 000 0 und d | ||
| 100 | _aআবু তাহের মজুমদার। | ||
| 245 |
_aচিঠি দিও্ _cআবু তাহের মজুমদার। |
||
| 260 |
_aঢাকা _bঋদ্ধি প্রকাশনী। _c1998 |
||
| 300 | _a8489 p. | ||
| 650 | _aBangla | ||
| 650 | _aBengali Literature | ||
| 700 | _aআবু তাহের মজুমদার। | ||
| 999 |
_c4326 _d4326 |
||